The Ultimate Lamborghini Quiz - Statistics

General Stats
  • This quiz has been taken 786 times
    741 since last reset
  • The average score is 12 of 20
Answer Stats
LAMBORGHINI % Correct
2011 (still in production) Aventador
95%
1990-00 Diablo
87%
1974-79 Countach
86%
2014 (still in production) Huracàn
86%
2004-2013 Gallardo
85%
1966-72 Miura
82%
2001-10 Murcielago
79%
2013 (limited run, 6 units including 3 roadsters) Veneno
72%
2011 (limited track car, 25 units) Sesto Elemento
67%
2008-10 Reventón
61%
1981-88 Jalpa
51%
1986-92 LM002
51%
1964-66 350GT
43%
1968-78 Espada
43%
1966-67 400GT
37%
2013 (one-off) Egoista
37%
1970-79 Urraco
36%
1970-78 Jarama
33%
1968-69 Islero
26%
1976-77 Silhouette
26%
No matching quizzes found
Score Distribution
Percent of People with Each Score
Percentile by Number Answered
Your Score History
You have not taken this quiz since the last reset